000 00553nam a2200193Ia 4500
005 20250326143606.0
008 250326s9999 xx 000 0 und d
020 _a81-7881-254-1
037 _aTextbook
040 _aFMSL
_beng
_cFMSL
041 _aeng
_2eng
084 _aD658(2:55) P4
_qFMSL
100 _aKrishna S J
_9748210
245 0 _aData warehousing : trends and perspectives
_cKrishna S J
260 _aIndia
_bIndia, ICFAI University
_c2004
300 _a178p
942 _cTB
_hD658(2:55) P4
999 _c1300187
_d1300187